[Event "Clarin GP1 Boca Juniors"]
[Site "Boca"]
[Date "1997.??.??"]
[Round "2"]
[White "Podesta, Dardo Ariel"]
[Black "Giaccio, Alfredo"]
[Result "0-1"]
[WhiteElo "2205"]
[BlackElo "2460"]

1.e4 e6 2.d4 d5 3.Nd2 a6 4.Ngf3 c5 5.exd5 exd5 6.dxc5 Bxc5 7.Nb3 Bb6 8.Be2 Nf6
9.O-O O-O 10.Nbd4 Nc6 11.c3 Re8 12.Re1 Ne4 13.Be3 Bc7 14.Nxc6 bxc6 15.Bd3 Bg4
16.h3 Bh5 17.Bxe4 Rxe4 18.g4 Bg6 19.Bd4 f5 20.Nd2 Rxe1+ 21.Qxe1 Qd6 22.Nf1 Re8
23.Qd2 c5 24.gxf5 Bxf5 25.Qg5 g6 26.Ng3 cxd4  0-1

[Event "Clarin GP1 Boca Juniors"]
[Site "Boca"]
[Date "1997.??.??"]
[Round "9"]
[White "Zarnicki, Pablo"]
[Black "Giaccio, Alfredo"]
[Result "1/2-1/2"]
[WhiteElo "2560"]
[BlackElo "2460"]

1.e4 e6 2.d4 d5 3.Nd2 a6 4.Ngf3 c5 5.Bd3 dxe4 6.Nxe4 cxd4 7.Nxd4 Be7 8.O-O Nf6
9.Bg5 O-O 10.c3 e5 11.Bxf6 Bxf6 12.Qh5 g6 13.Nxf6+ Qxf6 14.Qf3 Kg7 15.Qxf6+ Kxf6
16.Nb3 Be6 17.f4 Bxb3 18.fxe5+ Kxe5 19.axb3 Nc6 20.Rae1+ Kd6 21.Rf6+ Kc7
22.Bc4 Rad8 23.Rxf7+ Rxf7 24.Bxf7 Rd2 25.Bg8 h5 26.h4 Kd7 27.Be6+ Kd6 28.c4 Nd4
29.Bf7 Ne2+ 30.Kf2 Nf4+ 31.Ke3 Rxg2 32.Kxf4 Rf2+ 33.Kg5 Rxf7 34.Re3 Rf2 35.Kxg6 Rxb2
36.Kxh5 Rg2 37.Kh6 b5 38.h5 Rg4 39.Rc3 bxc4 40.Rxc4 Rg3 41.b4 Ke7 42.Rf4 Rg2
43.Kh7  1/2-1/2

[Event "Budapest FS03 IM-A"]
[Site "Budapest"]
[Date "1997.??.??"]
[Round "3"]
[White "Szabo, Zsolt"]
[Black "Somlai, Laszlo"]
[Result "1-0"]
[WhiteElo "2355"]
[BlackElo "2360"]

1.e4 e6 2.d4 d5 3.Nd2 Nc6 4.Ngf3 Nf6 5.e5 Nd7 6.Be2 f6 7.exf6 Qxf6 8.Nf1 Bd6
9.Ng3 O-O 10.O-O e5 11.dxe5 Ndxe5 12.Qxd5+ Be6 13.Qe4 Rae8 14.Ng5 g6 15.Nxe6 Rxe6
16.Qd5 Nf7 17.Bc4 Re5 18.Qd3 Rd8 19.Qc3 Bc5 20.Ne4 Qh4 21.Nxc5 Nd4 22.Nb3  1-0

[Event "Cannes op-B 18th"]
[Site "Cannes"]
[Date "1997.??.??"]
[Round "9"]
[White "Jurkovic, Ante"]
[Black "Petit, Eric"]
[Result "1-0"]
[WhiteElo "2320"]
[BlackElo "2255"]

1.e4 e6 2.d4 d5 3.Nd2 a6 4.Ngf3 c5 5.dxc5 Bxc5 6.Bd3 Ne7 7.O-O Nbc6 8.Nb3 Bb6
9.c3 O-O 10.Re1 Ng6 11.exd5 exd5 12.Be3 a5 13.Bxb6 Qxb6 14.Bxg6 hxg6 15.Qxd5 a4
16.Qc5 Ra6 17.Qxb6 Rxb6 18.Nc5 Rxb2 19.Nxa4 Rc2 20.Rec1 Rxc1+ 21.Rxc1 Bg4
22.Nc5 b6 23.Nb3 Ra8 24.Rc2 Bxf3 25.gxf3 Ne5 26.Nd4 g5 27.Kg2 f6 28.Kg3 Ng6
29.Rb2 Nf4 30.h4 Nd3 31.Rxb6 gxh4+ 32.Kxh4 Rxa2 33.Rb8+ Kh7 34.Kg3 Nxf2 35.Ne6 Nh1+
36.Kf4 Ra6 37.Nf8+ Kh6 38.Rb1 Nf2 39.Ke3 Ra8 40.Nd7 Rd8 41.Kxf2 Rxd7 42.Ke3 Kg6
43.c4 Kf7 44.Rb6 Ke7 45.Ke4 Kd8 46.c5 Kc7 47.Re6 Rd1 48.Re7+ Kc6 49.Rxg7 Kxc5
50.Kf5 Rd6 51.f4 Kd4 52.Re7 Rd8 53.Re4+ Kd5 54.Re1 Rf8 55.Rd1+ Kc6 56.Ke6 f5
57.Rc1+ Kb5 58.Rc7 Kb6 59.Rf7 Re8+ 60.Kxf5 Kc6 61.Kf6 Kd5 62.f5 Ke4 63.Kg7 Re5
64.Kg6 Kf4 65.Rf8 Ra5 66.Rb8 Ra1 67.f6 Rg1+ 68.Kf7 Ra1 69.Rb5 Ra8 70.Kg7  1-0

[Event "CZE-chT2 9697"]
[Site "CZE"]
[Date "1997.??.??"]
[Round "?"]
[White "Voloshin, Leonid"]
[Black "Krouzel, Jaroslav"]
[Result "0-1"]
[WhiteElo "2430"]
[BlackElo "2285"]

1.e4 e6 2.d4 d5 3.Nd2 Nc6 4.Ngf3 Nf6 5.e5 Nd7 6.Nb3 Be7 7.h4 a5 8.a4 b6 9.c3 h6
10.Bf4 Ncb8 11.Bd3 Ba6 12.Bc2 c5 13.Qd2 Nc6 14.Qe3 Qc7 15.O-O-O c4 16.Nbd2 b5
17.axb5 Bxb5 18.Nb1 Qb7 19.g4 Rb8 20.Rd2 Ba6 21.Bd1 Qb5 22.h5 a4 23.Rc2 Qb3
24.Qe2 Na5 25.Rd2 Qb5 26.g5 a3 27.Nxa3 Bxa3 28.gxh6 gxh6 29.Rg1 Nb3+ 30.Bxb3 Qxb3
31.Rc2 Bf8 32.Nd2 Qa2 33.b4 cxb3 34.Rxa2 Bxe2 35.Ra7 b2+ 36.Kc2 Bxh5 37.Nb3 b1=Q+
38.Kxb1 Rxb3+ 39.Kc2 Rb8 40.Bc1 Bg6+ 41.Kd2 h5 42.f4 h4 43.Rh1 h3 44.Rh2 Bf5  0-1

[Event "CZE-chT 9697"]
[Site "CZE"]
[Date "1997.??.??"]
[Round "3"]
[White "Hajek, Michal"]
[Black "Gdovin, Jan"]
[Result "1/2-1/2"]
[WhiteElo "2320"]
[BlackElo "2240"]

1.e4 e6 2.d4 d5 3.Nd2 a6 4.Ngf3 c5 5.exd5 exd5 6.Be2 Nf6 7.O-O c4 8.Re1 Be7
9.a4 O-O 10.Ne5 Nc6 11.c3 Qc7 12.f4 Nxe5 13.fxe5 Ne8 14.b3 cxb3 15.Qxb3 Be6
16.Rb1 b5 17.axb5 axb5 18.Qxb5 Qxc3 19.Nf3 Nc7 20.Qb6 Rfc8 21.Bd2 Qa3 22.Rb3 Qa2
23.Rb2 Qa3 24.Rb3 Qa2 25.Rb2 Qa3  1/2-1/2

[Event "CZE-chT 9697"]
[Site "CZE"]
[Date "1997.??.??"]
[Round "7"]
[White "Zigo, Viktor"]
[Black "Vozka, Pavel"]
[Result "1-0"]
[WhiteElo "2285"]
[BlackElo "2275"]

1.e4 e6 2.d4 d5 3.Nd2 a6 4.e5 c5 5.c3 Nc6 6.Ndf3 cxd4 7.cxd4 Qb6 8.Bd3 Bb4+
9.Kf1 Bd7 10.Ne2 f6 11.exf6 Nxf6 12.Bf4 O-O 13.g3 e5 14.Nxe5 Bh3+ 15.Kg1 Rae8
16.Be3 Ng4 17.Nxc6 Rxe3 18.Nf4 Re1+ 19.Qxe1 Bxe1 20.Ne7+ Kh8 21.Rxe1 Qxd4
22.Re2 g5 23.Nf5 Qa4 24.b3 Qd7 25.Nxh3 Rxf5 26.Bxf5 Qxf5 27.Kg2 Ne5 28.Rhe1 Ng6
29.f3 d4 30.Nf2 d3 31.Rd2 Ne5 32.Re3 Qf6 33.Nxd3 Nxd3 34.Rexd3 Qc6 35.Rd8+ Kg7
36.R2d7+  1-0

[Event "Dresden op"]
[Site "Dresden"]
[Date "1997.??.??"]
[Round "6"]
[White "Holzke, Frank"]
[Black "Wichmann, Cliff"]
[Result "1-0"]
[WhiteElo "2400"]
[BlackElo "2230"]

1.e4 e6 2.d4 d5 3.Nd2 a6 4.Ngf3 c5 5.dxc5 Bxc5 6.Bd3 Ne7 7.O-O Nbc6 8.exd5 Nxd5
9.Ne4 Be7 10.c4 Ndb4 11.Bb1 a5 12.a3 Qxd1 13.Rxd1 Na6 14.Be3 e5 15.Nd6+ Bxd6
16.Rxd6 Ke7 17.c5 f6 18.Be4 Nd8 19.Rad1 Nf7 20.Bxb7 Ra7 21.Bd5 Rc7 22.Bxf7 Kxf7
23.c6 a4 24.Bb6 Re7 25.Nd2 Be6 26.Bd8 Ra7 27.Ne4 Bf5 28.Nc3 Ra8 29.Nxa4 Nc7
30.Nb6 Ra7 31.Rd7+  1-0

[Event "RUS-Cup5"]
[Site "Ekaterinburg"]
[Date "1997.??.??"]
[Round "5"]
[White "Bashkov, Viacheslav"]
[Black "Kostenko, Petr"]
[Result "0-1"]
[WhiteElo "2435"]
[BlackElo "2365"]

1.e4 e6 2.d4 d5 3.Nd2 a6 4.Ngf3 Nf6 5.Bd3 c5 6.e5 Nfd7 7.c3 Nc6 8.Nf1 Qb6
9.dxc5 Bxc5 10.Qe2 Qc7 11.Bf4 Ba7 12.Ng3 Bb8 13.Nh5 g6 14.Ng7+ Kf8 15.Bh6 Kg8
16.O-O-O Ndxe5 17.Nxe5 Qxe5 18.Qf3 f5 19.Ne8 d4 20.Rhe1 Qxh2 21.Rh1 Qe5 22.Kb1 Qc5
23.Bg7 Qe7 24.Bxh8 Kxh8 25.Rh6 Ne5 26.Qh3 Ng4 27.Rxg6 Nxf2 28.Nf6 Qf7 29.Qh6 Bf4
30.Qxf4 Qxg6 31.Qxf2 Qxf6 32.cxd4 Bd7 33.g4 f4 34.Rh1 h6 35.g5 Qxg5 36.Rg1 Bb5
37.Bxb5 Qxb5 38.Qxf4 Qf5+ 39.Qxf5 exf5 40.Rg6 Kh7 41.Rf6 Rd8 42.Rxf5 Kg6
43.Rf4 Kg5 44.Rf7 Rxd4 45.Rxb7 h5 46.Kc2 h4 47.Kc3 Ra4 48.b4 Rxa2 49.Ra7 h3
50.Kb3 Rg2 51.Rh7 Kg4 52.Rh6 h2 53.Ka4 Kg3 54.Ka5 Rb2 55.Rg6+ Kf2 56.Rh6 Kg1
57.Rg6+ Rg2  0-1

[Event "RUS-Cup5"]
[Site "Ekaterinburg"]
[Date "1997.??.??"]
[Round "7"]
[White "Kotsur, Pavel"]
[Black "Pinjagin, Dmitry"]
[Result "1-0"]
[WhiteElo "2480"]
[BlackElo "2220"]

1.e4 e6 2.d4 d5 3.Nd2 Be7 4.Ngf3 dxe4 5.Nxe4 Nf6 6.Nxf6+ Bxf6 7.c3 b6 8.Bd3 Bb7
9.Qe2 Nd7 10.Bf4 h6 11.O-O-O a6 12.Bc2 Bxf3 13.Qxf3 Bg5 14.h4 Bxf4+ 15.Qxf4 Nf6
16.c4 Qd6 17.Qf3 c6 18.g4 Rc8 19.Kb1 b5 20.g5 Nd7 21.c5 Qe7 22.Be4 Nb8 23.g6 fxg6
24.Bxg6+ Kd8 25.Rhe1 Rf8 26.Qg4 Rf6 27.d5 cxd5 28.Rxd5+ Nd7 29.Rd6 Rxc5 30.Rdxe6 Rxe6
31.Rxe6 Ne5 32.Qd4+ Qd7 33.Re8+ Kc7 34.Qxc5+ Nc6 35.Re1  1-0

[Event "RUS-Cup5"]
[Site "Ekaterinburg"]
[Date "1997.??.??"]
[Round "8"]
[White "Sorokin, Gerald K"]
[Black "Volkov, Sergey"]
[Result "1/2-1/2"]
[WhiteElo "2410"]
[BlackElo "2480"]

1.e4 e6 2.d4 d5 3.Nd2 a6 4.Ngf3 Nf6 5.exd5 exd5 6.Bd3 Bd6 7.O-O O-O 8.Re1 Nc6
9.c3 Re8 10.Rxe8+ Qxe8 11.Nf1 Ne7 12.Qc2 h6 13.Be3 Bd7 14.b3 Qc8 15.c4 dxc4
16.bxc4 c5 17.Ng3 Nc6 18.Qd2 cxd4 19.Bxh6 Qf8 20.Bg5 Nh7 21.Bf4 Nf6 22.Bg5 Nh7
23.Rb1 Nxg5 24.Qxg5 Be7 25.Qh5 g6 26.Bxg6 fxg6 27.Qd5+ Qf7 28.Qxd7 Rd8 29.Qg4 d3
30.h4 d2 31.Rd1 Bb4 32.h5 Ne7 33.hxg6 Qxg6 34.Qxg6+ Nxg6 35.Ne4 Rd3 36.Nexd2 a5
37.Kf1 a4 38.g3 Ra3 39.Ra1 Ne5 40.Nxe5 Bxd2 41.Rb1 Bc3 42.Nd3 Rxa2 43.Rxb7 Rd2
44.Nc5 a3 45.Ra7 a2 46.Nb3 Rb2 47.Nc1 Rb1 48.Rxa2 Rxc1+ 49.Ke2 Bf6  1/2-1/2

[Event "Momotov mem"]
[Site "Enakievo"]
[Date "1997.??.??"]
[Round "?"]
[White "Moroz, Alexander"]
[Black "Kruppa, Yuri"]
[Result "1-0"]
[WhiteElo "2515"]
[BlackElo "2520"]

1.e4 e6 2.d4 d5 3.Nd2 Nc6 4.Ngf3 Nf6 5.e5 Nd7 6.c3 f6 7.Bb5 a6 8.Bxc6 bxc6
9.O-O f5 10.Nb3 a5 11.Ng5 Qe7 12.Be3 g6 13.f4 h6 14.Nf3 Qg7 15.Nc5 Nxc5 16.dxc5 g5
17.b4 gxf4 18.Bxf4 Be7 19.Qd2 Bd7 20.a4 Kf7 21.Nd4 Bg5 22.Qe2 Ke7 23.b5 Kd8
24.bxc6 Bc8 25.c4 Qe7 26.cxd5 Qxc5 27.Qe3 Qxd5 28.Bxg5+ hxg5 29.Qxg5+ Ke8
30.Qg6+ Kf8 31.Qf6+ Kg8 32.Qg6+ Kf8 33.Qf6+ Kg8 34.Rad1  1-0

[Event "BCF-chT 96/97"]
[Site "England"]
[Date "1997.??.??"]
[Round "5"]
[White "Saunders, John C"]
[Black "Upton, Ian J"]
[Result "1-0"]
[WhiteElo "2240"]
[BlackElo "2235"]

1.e4 e6 2.d4 d5 3.Nd2 Nc6 4.Ngf3 Nf6 5.e5 Nd7 6.c3 f6 7.exf6 Qxf6 8.Be2 Bd6
9.Nf1 O-O 10.Be3 Kh8 11.Ng3 e5 12.dxe5 Ndxe5 13.Qxd5 Be6 14.Qe4 Nxf3+ 15.Bxf3 Ne5
16.Be2 Qf7 17.O-O Bxa2 18.f4 Nc6 19.Bd3 g6 20.Rxa2 Qxa2 21.Bc4 Rae8 22.Bd4+ Be5
23.Bxe5+ Rxe5 24.Bxa2 Rxe4 25.Nxe4  1-0

[Event "Arnold mem"]
[Site "Gausdal"]
[Date "1997.??.??"]
[Round "3"]
[White "Karlsson, Tomas"]
[Black "Casagrande, Fabio"]
[Result "1-0"]
[WhiteElo "2190"]
[BlackElo "2050"]

1.e4 e6 2.d4 d5 3.Nd2 Nc6 4.c3 e5 5.Ngf3 exd4 6.cxd4 dxe4 7.Nxe4 Nf6 8.Bd3 Be7
9.O-O O-O 10.h3 Be6 11.Ng3 Nd5 12.a3 Bf6 13.Bc2 Nce7 14.Ng5 Bxg5 15.Bxg5 Qd7
16.Qd3 g6 17.Bh6 Rfe8 18.Qf3 Nf5 19.Bxf5 Bxf5 20.Rfe1 Be6 21.Ne4 f5 22.Nc5 Qf7
23.Re5 c6 24.Rae1 Bd7 25.Nxb7 Rxe5 26.dxe5 Rb8 27.Nc5 Be6 28.b4 Qe7 29.Be3 Nxe3
30.Qxe3 Bd5 31.e6 Re8 32.f3 Qf6 33.Nd7 Qe7 34.Qe5  1-0

[Event "Bundesliga 9798"]
[Site "Germany"]
[Date "1997.??.??"]
[Round "?.5"]
[White "Kyas, Juergen"]
[Black "Ellers, Holger"]
[Result "1/2-1/2"]
[WhiteElo "2265"]
[BlackElo "2405"]

1.e4 e6 2.d4 d5 3.Nd2 Be7 4.Bd3 c5 5.dxc5 Nd7 6.Ngf3 Nxc5 7.Bb5+ Bd7 8.Bxd7+ Qxd7
9.exd5 exd5 10.O-O Nf6 11.Nb3 Nce4 12.Be3 O-O 13.Qd3 Rfc8 14.c3 Bd6 15.Rad1 Qa4
16.Nc1 Re8 17.h3 a6 18.a3 Rad8 19.Ne2 Bc7 20.Rfe1 Qd7 21.Bf4 Nc5 22.Qd2 Nfe4
23.Qc2 Bxf4 24.Nxf4 Qf5 25.Nd3 Ne6 26.Qa4 Re7 27.Nd4  1/2-1/2

[Event "BL2-O9697"]
[Site "Germany"]
[Date "1997.??.??"]
[Round "?.3"]
[White "Schaller, Sven"]
[Black "Dietz, Holger"]
[Result "0-1"]
[WhiteElo "2280"]
[BlackElo "2305"]

1.e4 e6 2.d4 d5 3.Nd2 Be7 4.exd5 exd5 5.Ngf3 Nf6 6.Bd3 O-O 7.O-O Re8 8.Re1 Bg4
9.Nf1 Nbd7 10.Ng3 Bd6 11.Rxe8+ Qxe8 12.Nf5 Bxf5 13.Bxf5 Ne4 14.Qd3 Ndf6 15.Be3 g6
16.Bh3 h5 17.Qb3 Rb8 18.Ne1 Be7 19.Nd3 c6 20.f3 Nd6 21.Re1 Nh7 22.Nc5 b6
23.Nd3 Qd8 24.Ne5 Qc7 25.Qc3 c5 26.dxc5 bxc5 27.Qd3 d4 28.Bf4 Bg5 29.Nxg6 Bxf4
30.Nxf4 Qa5 31.Re5 Qxa2 32.Nxh5 Qb1+ 33.Kf2 Rxb2 34.Bf5 Nxf5 35.Qxf5 Qxc2+
36.Kg3 Qxf5 37.Rxf5  0-1

[Event "Ruhr-ch Seniors 4th"]
[Site "Germany"]
[Date "1997.??.??"]
[Round "3"]
[White "Burnat, Horst"]
[Black "Fiedler, Erwin"]
[Result "1/2-1/2"]
[WhiteElo "1730"]
[BlackElo "1710"]

1.e4 e6 2.d4 d5 3.Nd2 Nc6 4.c3 Nge7 5.e5 Ng6 6.Bd3 Bd7 7.Ndf3 f5 8.Ne2 Be7
9.O-O O-O 10.Bd2 a6 11.Qc1 b5 12.Ng5 h6 13.Nf3 Kh7 14.Ng3 Qe8 15.Qc2 Nd8
16.b4 Nb7 17.Ne2 a5 18.a3 a4 19.h3 c6 20.Nf4 Nh4 21.Nxh4 Bxh4 22.Be2 g6 23.Qc1 Qf7
24.Nd3 Qg7 25.Kh2 Be7 26.Rg1 Nd8 27.Be3 g5 28.f4 g4 29.Bf2 Be8 30.h4 h5 31.g3  1/2-1/2

[Event "Goetzis IM4"]
[Site "Goetzis"]
[Date "1997.??.??"]
[Round "4"]
[White "Sonnberger, Reinhard"]
[Black "Thoma, Robert"]
[Result "1-0"]
[WhiteElo "2255"]
[BlackElo "2300"]

1.e4 e6 2.d4 d5 3.Nd2 Nc6 4.Ngf3 Nf6 5.e5 Nd7 6.c3 f6 7.exf6 Nxf6 8.Bd3 Bd6
9.O-O O-O 10.Re1 Qe8 11.Nf1 Qh5 12.Ng3 Bxg3 13.fxg3 Bd7 14.Bf4 Ne8 15.Ng5 Qxd1
16.Bxh7+ Kh8 17.Raxd1 Nd6 18.Bd3 Rae8 19.Re2  1-0

[Event "Graz op"]
[Site "Graz"]
[Date "1997.??.??"]
[Round "4"]
[White "Krieger, Hermann"]
[Black "Flecker, Wolfgang"]
[Result "1-0"]
[WhiteElo "2180"]
[BlackElo "2115"]

1.e4 e6 2.d4 d5 3.Nd2 Nc6 4.Ngf3 Nh6 5.c3 f5 6.e5 Nf7 7.Bd3 Be7 8.Qe2 b6
9.O-O Nb8 10.b4 c5 11.bxc5 bxc5 12.dxc5 Bxc5 13.Nb3 Be7 14.Nfd4 O-O 15.f4 Qc7
16.Be3 Nc6 17.Nxc6 Qxc6 18.Nd4 Qe8 19.c4 dxc4 20.Bxc4 Bd8 21.Rfd1 g5 22.Bb5 Qe7
23.Nc6 Qc7 24.Rac1 Be7 25.Nxe7+ Qxe7 26.Bc5  1-0

[Event "Graz op"]
[Site "Graz"]
[Date "1997.??.??"]
[Round "6"]
[White "Stanec, Nikolaus"]
[Black "Eingorn, Vereslav S"]
[Result "0-1"]
[WhiteElo "2465"]
[BlackElo "2590"]

1.e4 e6 2.d4 d5 3.Nd2 a6 4.Ngf3 c5 5.exd5 exd5 6.dxc5 Bxc5 7.Nb3 Ba7 8.Nfd4 Nc6
9.Be3 Nf6 10.Be2 Ne5 11.O-O O-O 12.c3 Nc4 13.Bc1 Re8 14.Qc2 Qc7 15.h3 Bd7
16.Bd3 h6 17.Bf5 Rad8 18.Bxd7 Rxd7 19.Nf3 Rde7 20.Nbd4 Re4 21.Qd3 Nh5 22.b3 Ne5
23.Nxe5 Qxe5 24.Be3 Nf4 25.Bxf4 Qxf4 26.Rad1 Bxd4 27.cxd4 Re2 28.g3 Qe4 29.a4 Qxd3
30.Rxd3 Rc2 31.Rfd1 Ree2 32.Rf3 f6 33.Rdd3 Kf7 34.Kf1 h5 35.h4 b6 36.Rf5 g6
37.Rff3 a5 38.Rf4 Re4 39.Rff3 Rc1+ 40.Kg2 Ree1 41.Rf4 Ke6 42.Kf3 f5 43.Kg2 Kd6
44.Rd2 Kd7 45.Kh2 Rcd1 46.Rc2 Rc1 47.Rd2 Rb1 48.Rd3 Rbd1 49.Rc3 Re4 50.Rff3 Rexd4
51.Kg2 Re4  0-1

[Event "Graz op"]
[Site "Graz"]
[Date "1997.??.??"]
[Round "9"]
[White "Wittmann, Walter"]
[Black "Baumegger, Siegfried"]
[Result "1/2-1/2"]
[WhiteElo "2405"]
[BlackElo "2485"]

1.e4 e6 2.d4 d5 3.Nd2 a6 4.Ngf3 c5 5.exd5 exd5 6.dxc5 Bxc5 7.Nb3 Ba7 8.Be3 Bxe3
9.Qe2 Qe7 10.Qxe3 Qxe3+ 11.fxe3 Nf6 12.O-O-O O-O 13.Bd3 Re8 14.Rhe1 Nc6 15.h3 b6
16.Nbd4 Bb7 17.Nxc6 Bxc6 18.Nd4 Bb7 19.c3 g6 20.Rd2 Re7 21.Rf2 Nd7 22.Nc2 Ne5
23.Rd1 Kg7 24.Be2 Nc4 25.Bf3 Nxe3 26.Nxe3 Rxe3 27.Bxd5 Bxd5  1/2-1/2

[Event "Groningen op"]
[Site "Groningen"]
[Date "1997.??.??"]
[Round "5"]
[White "Vajda, Szidonia"]
[Black "Kiriakov, Petr"]
[Result "0-1"]
[WhiteElo "2375"]
[BlackElo "2505"]

1.e4 e6 2.d4 d5 3.Nd2 a6 4.Ngf3 c5 5.exd5 exd5 6.Be2 c4 7.c3 Bd6 8.O-O Nc6
9.Re1 Nge7 10.Ne5 Bxe5 11.dxe5 Nxe5 12.Nf3 N7c6 13.Nd4 O-O 14.Bg5 f6 15.Nxc6 Nxc6
16.Be3 Bf5 17.Bf3 Bd3 18.Bc5 Rf7 19.Bg4 f5 20.Be2 Bxe2 21.Qxe2 b6 22.Ba3 Qd7
23.Rad1 Rd8 24.f4 Rf6 25.Rd2 h6 26.Qe3 d4 27.cxd4 Qd5 28.Kf2 Kh7 29.g3 Rd7
30.Red1 Re6 31.Qf3 Re4 32.b3 b5 33.Bc5 Nd8 34.bxc4 bxc4 35.Qa3 Ne6 36.Kg1 g5
37.Qa5 gxf4 38.Bb6 fxg3 39.hxg3 Qxa5 40.Bxa5 Rexd4 41.Kf2 Rxd2+ 42.Rxd2 Rxd2+
43.Bxd2 Kg6  0-1

[Event "Wichern op"]
[Site "Hamburg"]
[Date "1997.??.??"]
[Round "9"]
[White "Breyther, Ruediger"]
[Black "Szobris, Torsten"]
[Result "1-0"]
[WhiteElo "2395"]
[BlackElo "2140"]

1.e4 e6 2.d4 d5 3.Nd2 Nc6 4.Ngf3 Nf6 5.e5 Nd7 6.Bb5 a6 7.Bxc6 bxc6 8.O-O c5
9.c3 Be7 10.Nb3 c4 11.Na5 Nb8 12.b4 O-O 13.Bf4 Ra7 14.Qd2 Bd7 15.Bg5 Ba4
16.Rae1 Nd7 17.Re2 Re8 18.Bxe7 Qxe7 19.Ne1 f5 20.exf6 gxf6 21.f4 f5 22.Nf3 Nf6
23.Ne5 Qd6 24.Qe1 Qf8 25.Qh4 Ne4 26.Re3 c5 27.dxc5 Rg7 28.Kh1 Rc8 29.h3 Nxc5
30.bxc5 Rxc5 31.Rg3 Rxa5 32.Rxg7+ Kxg7 33.Qg5+ Kh8 34.Nf7+ Qxf7 35.Qd8+ Kg7
36.Qxa5 Bc2 37.Rf3 Qe7 38.Rg3+ Kh6 39.Qb6 Be4 40.Qf2  1-0

[Event "BCF-ch"]
[Site "Hove"]
[Date "1997.??.??"]
[Round "8"]
[White "McShane, Luke J"]
[Black "Crouch, Colin S"]
[Result "1-0"]
[WhiteElo "2455"]
[BlackElo "2375"]

1.e4 e6 2.d4 d5 3.Nd2 Nc6 4.c3 Nge7 5.Ngf3 Ng6 6.h4 Be7 7.h5 Nf8 8.Qb3 dxe4
9.Nxe4 Qd5 10.Bd3 Qxb3 11.axb3 h6 12.Bf4 Bd8 13.Bb5 Nd7 14.Bxc6 bxc6 15.b4 f6
16.Ra5 O-O 17.O-O Nb6 18.Rfa1 a6 19.Nfd2 Nd5 20.Bh2 Be7 21.Nb3 e5 22.dxe5 fxe5
23.Bxe5 Rf5 24.Bg3 Rxh5 25.Nd4 Bd7 26.Rxa6 Rxa6 27.Rxa6 Nf6 28.Nxf6+ Bxf6
29.Nxc6 Rd5 30.Bxc7 Rd1+ 31.Kh2 Rd2 32.Kg3 h5 33.Ne5 Bb5 34.Ra8+ Kh7 35.Nf3 h4+
36.Nxh4 Rxb2 37.Nf3 Bxc3 38.Rb8 Bf1 39.Bd6 Re2 40.Nh2 Re6 41.Nxf1 Rxd6 42.Kf3 Kg6
43.Ne3 Kf7 44.b5 Bd4 45.Rb7+ Ke6 46.Ke4 Bf6 47.Nf5 Rd2 48.Nxg7+ Bxg7 49.Rxg7 Rxf2
50.Kd4 Kd6 51.Rg6+ Kc7 52.b6+ Kb7 53.Ke3 Rb2 54.g4 Rg2 55.Kf4 Rg1 56.Rd6  1-0

[Event "HUN-chT2 9798"]
[Site "HUN"]
[Date "1997.??.??"]
[Round "?"]
[White "Lazar, Janos"]
[Black "Rithnovszky, Antal"]
[Result "1-0"]
[WhiteElo "2245"]
[BlackElo "2160"]

1.e4 e6 2.d4 d5 3.Nd2 a6 4.Ngf3 Bd7 5.Be2 Bb5 6.O-O Bxe2 7.Qxe2 Nf6 8.exd5 Qxd5
9.c4 Qf5 10.d5 Bd6 11.Re1 O-O 12.dxe6 Nc6 13.exf7+ Rxf7 14.Ne4 Re7 15.Nxd6 cxd6
16.Be3 Nb4 17.Qd2 Nc2 18.Nd4 Nxd4 19.Qxd4 d5 20.cxd5 Re4 21.Qd3 Qxd5 22.Qxd5+ Nxd5
23.Rad1 Nb4 24.a3 Nc2 25.Re2 Rc8 26.g3 b5 27.Rd6 a5 28.Ra6 a4 29.Kg2 h6 30.Kf3 Rcc4
31.Rd2 Ne1+ 32.Ke2 Nc2 33.Kf3 Ne1+ 34.Ke2 Nc2 35.Rd7 Nd4+ 36.Kd3 Nf3 37.Rd5 Ne5+
38.Kd2 Nf3+ 39.Ke2 Nd4+ 40.Kd3 Nf3 41.Rxb5 Ne1+ 42.Ke2 Nc2 43.Kd2 Re7 44.Ra7 Re6
45.Rb6 Re5 46.Rbb7 Rd5+ 47.Ke2  1-0

[Event "Juvenil op"]
[Site "?"]
[Date "1997.??.??"]
[Round "2"]
[White "Ruiz Diez, Julio Cesar"]
[Black "Garcia, J."]
[Result "0-1"]
[WhiteElo "2035"]
[BlackElo "2140"]

1.e4 e6 2.d4 d5 3.Nd2 Nc6 4.Ngf3 Nf6 5.e5 Nd7 6.c3 f6 7.exf6 Qxf6 8.Be2 Bd6
9.O-O O-O 10.Nb3 a5 11.a4 b6 12.Bg5 Qf7 13.Be3 h6 14.Nh4 Nf6 15.f4 Ne7 16.Nd2 Nf5
17.Nxf5 exf5 18.Nf3 Qe6 19.Ne5 Ne4 20.Qc2 c5 21.c4 Bb7 22.Rfd1 Bxe5 23.cxd5 Bxd5
24.dxe5 Kh8 25.Ra3 Rac8 26.Bb5 c4 27.Bd4 Rf7 28.Kh1 Rfc7 29.Qc1 Qg6 30.Qc2 Qg4
31.Rf1 h5 32.Bxb6 h4 33.Rh3 Rc6 34.Bxa5 Rg6 35.Rg1 Qxh3 36.gxh3 Nf2+  0-1

[Event "Klatovy op-A"]
[Site "Klatovy"]
[Date "1997.??.??"]
[Round "?"]
[White "Herejk, Petr"]
[Black "Kucera, Petr"]
[Result "0-1"]
[WhiteElo "2135"]
[BlackElo "2320"]

1.e4 e6 2.d4 d5 3.Nd2 Be7 4.c3 Nf6 5.Bd3 b6 6.e5 Nfd7 7.Qg4 g6 8.Ne2 Ba6
9.Bxa6 Nxa6 10.f4 c5 11.Nf3 Nab8 12.h4 h5 13.Qh3 Nc6 14.Ng5 Bxg5 15.fxg5 Ne7
16.g4 hxg4 17.Qxg4 Nf5 18.h5 gxh5 19.Rxh5 Rxh5 20.Qxh5 Nf8 21.b3 Qc7 22.Ba3 O-O-O
23.Rc1 Ng6 24.Qf3 Qb7 25.Rc2 Rh8 26.Bc1 Rh2 27.Bf4 Nfh4 28.Qg3 Nxf4 29.Nxf4 Rxc2
30.Qxh4 Qa6 31.a4 cxd4 32.Qh8+ Kb7 33.Qe8 Rxc3 34.Qxf7+ Rc7 35.Qxe6 Qa5+
36.Kd1 Qc5 37.Nxd5 Qc1+ 38.Ke2 Rc2+ 39.Kf3 Qh1+ 40.Kg4 Rg2+ 41.Kf3 Rxg5+
42.Ke2 Qe4+  0-1

[Event "Komarno op"]
[Site "Komarno"]
[Date "1997.??.??"]
[Round "?"]
[White "Oral, Tomas"]
[Black "Pcola, Pavel"]
[Result "1-0"]
[WhiteElo "2415"]
[BlackElo "2470"]

1.e4 e6 2.d4 d5 3.Nd2 Nc6 4.Ngf3 Nf6 5.e5 Nd7 6.Bb5 Be7 7.Nf1 a6 8.Be2 b6
9.Ne3 Bb7 10.O-O Nf8 11.Ne1 Qd7 12.f4 O-O-O 13.c3 f5 14.b4 Na7 15.a4 g5 16.N3c2 gxf4
17.Nd3 Ng6 18.Nxf4 Nxf4 19.Bxf4 Kb8 20.Rf3 Rdg8 21.Qf1 Qc8 22.Rh3 c5 23.a5 c4
24.axb6 Nb5 25.Na3 Bc6 26.Nxb5 Bxb5 27.Qc1 Kb7 28.Bd1 Qd7 29.Rf3 Bd8 30.Rh3 Kxb6
31.Ra2 Kb7 32.Rf2 Be7 33.Bh5 Qc8 34.Bd1 Rg6 35.Bh6 Rgg8 36.Rff3 Rg6 37.Rfg3 Be8
38.Bg5 Bxg5 39.Rxg5 Qd7 40.Bh5 Rg7 41.Rxg7 Qxg7 42.Rg3 Qd7 43.Bd1 Bg6 44.Qh6 Qf7
45.h4 Qf8 46.Qxf8 Rxf8 47.Rg5 f4 48.Bg4 Be4 49.Bxe6 f3 50.Rg7+ Kb6 51.Rf7 Rg8
52.Rb7+ Kxb7 53.Bxg8 fxg2 54.Be6 Kc6 55.Bh3 Kb5 56.Bxg2 Bd3 57.Bxd5 Ka4 58.Bc6+ Kb3
59.d5 Kxc3 60.d6 Bf5  1-0

[Event "RUS-Cup6"]
[Site "Krasnodar"]
[Date "1997.??.??"]
[Round "1"]
[White "Kazarova, Irina"]
[Black "Volkov, Sergey"]
[Result "0-1"]
[WhiteElo "2220"]
[BlackElo "2480"]

1.e4 e6 2.d4 d5 3.Nd2 a6 4.Ngf3 Nf6 5.e5 Nfd7 6.Bd3 c5 7.c3 Nc6 8.Qe2 b5
9.dxc5 Qc7 10.b4 Ndxe5 11.Bc2 Be7 12.Nxe5 Nxe5 13.Nf3 Nxf3+ 14.Qxf3 Qe5+
15.Qe3 Bf6 16.Qxe5 Bxe5 17.Bb2 a5 18.a3 Bd7 19.Kd2 Ke7 20.g3 g5 21.h4 g4
22.Bd3 h5 23.Kc2 Bg7 24.Rhe1 e5 25.Rad1 Ke6 26.Bf1 f5 27.Bg2 Bc6 28.Bc1 e4
29.Kb3 Rac8 30.Bf1 Ra8 31.Bb2 Be5 32.Kc2 axb4 33.axb4 f4 34.Ra1 Rxa1 35.Bxa1  0-1

[Event "US-op"]
[Site "Las Vegas"]
[Date "1997.??.??"]
[Round "3"]
[White "Sheaf, M."]
[Black "Szpisjak, Steven"]
[Result "0-1"]
[WhiteElo "2125"]
[BlackElo "2320"]

1.e4 e6 2.d4 d5 3.Nd2 a6 4.e5 c5 5.Qg4 cxd4 6.Bd3 Nc6 7.Ngf3 Qc7 8.Qg3 f6
9.exf6 Qxg3 10.f7+ Kxf7 11.hxg3 Nf6 12.Ng5+ Kg8 13.f4 e5 14.fxe5 Nxe5 15.Ndf3 Nxd3+
16.cxd3 Bf5 17.Kd2 Bb4+ 18.Kc2 Rc8+ 19.Kb3 Bd6 20.Bf4 Bxf4 21.gxf4 h6 22.Nxd4 Bxd3
23.Ngf3 Kh7 24.Ne5 Be4 25.Rh2 Rhe8 26.g4 Rxe5 27.g5 Re7 28.gxf6 gxf6 29.Re1 Rg7
30.Re3 Rc4 31.Rd2 Rg4 32.Ne6 Rc6 33.Rxe4 Rg3+ 34.Kb4 Rb6+ 35.Ka4 dxe4 36.f5 Rd3
37.Rc2 Rc6 38.Rg2 Rxe6  0-1

[Event "Lazne Bohdanec-B"]
[Site "Lazne Bohdanec"]
[Date "1997.??.??"]
[Round "?"]
[White "Prandstetter, Eduard"]
[Black "Dobrowolski, Piotr"]
[Result "0-1"]
[WhiteElo "2395"]
[BlackElo "2390"]

1.e4 e6 2.d4 d5 3.Nd2 a6 4.e5 c5 5.c3 Nc6 6.Ngf3 Qb6 7.Nb3 cxd4 8.Nbxd4 Bd7
9.Nxc6 bxc6 10.Bd3 Be7 11.Qe2 a5 12.O-O Nh6 13.Bxh6 gxh6 14.Qd2 O-O-O 15.b4 Kc7
16.a3 Rdg8 17.Rab1 Rg4 18.h3 Rg7 19.Rfd1 Rhg8 20.Bf1 Bc8 21.c4 axb4 22.axb4 dxc4
23.Ne1 Rg5 24.Bxc4 Rd8 25.Nd3 Bb7 26.Qc3 Qd4 27.Qb3 Rdg8 28.Ne1 Qxe5 29.Bf1 Qf4
30.Rdc1 Bd6 31.Nf3 Rf5 32.Rc3 h5 33.Qa2 Ra8 34.Qc2 Rg8 35.Qa2 Ra8 36.Qc2 Rg8
37.b5 c5 38.b6+ Kc8 39.Ba6 Rxg2+ 40.Kf1 Bxa6+ 41.Kxg2 Bb7 42.Rbb3 Qh2+ 43.Kf1 Ba6+
44.Rc4 Qf4 45.b7+ Kb8 46.Rc3 Bxc4+ 47.Ke1 Bd5  0-1

[Event "Lichtenstein op"]
[Site "Lichtenstein"]
[Date "1997.??.??"]
[Round "6"]
[White "Grinfeld, Alla B"]
[Black "Thoma, Robert"]
[Result "1/2-1/2"]
[WhiteElo "2280"]
[BlackElo "2255"]

1.e4 e6 2.d4 d5 3.Nd2 Nc6 4.Ngf3 Nf6 5.e5 Nd7 6.Be2 Be7 7.Nf1 f6 8.exf6 Nxf6
9.Ng3 O-O 10.O-O Bd6 11.c4 Kh8 12.Re1 Ne4 13.a3 Qf6 14.Be3 Nxg3 15.fxg3 dxc4
16.Bxc4 e5 17.Bg5 Qg6 18.dxe5 Bg4 19.Bf4 Bxf3 20.gxf3 Rxf4 21.Bd3 Rd4 22.Bxg6 Rxd1
23.Raxd1 Bc5+ 24.Kg2 hxg6 25.Rd7 Bb6 26.e6 Re8 27.Re4 Kg8 28.b4 a5 29.b5  1/2-1/2